| 000 | 00478nam a22001817a 4500 | ||
|---|---|---|---|
| 003 | CEME | ||
| 005 | 20210628202942.0 | ||
| 008 | 210212b xxu||||| |||| 00| 0 eng d | ||
| 020 | _a81-7808-507-0 | ||
| 040 | _c. | ||
| 082 | _a610.28 ATT | ||
| 100 |
_aAttwood, Teresa.K Parry-Smith, David.J _962511 |
||
| 245 | _aIntroduction to bioinformatics | ||
| 260 |
_aINDIA _bPEARSON EDUCATION AISA _c2002 |
||
| 300 | _aXX,217P | ||
| 650 |
_aBIOINFORMATICS _913954 |
||
| 942 |
_cBK _2ddc |
||
| 999 |
_c571601 _d571601 |
||